| 000 | 01231nam0a22003131 4500 | ||
|---|---|---|---|
| 001 | rc\3469086 | ||
| 005 | 20130115125130.7 | ||
| 021 |
_aRU _bРг7894-70 |
||
| 021 |
_aRU _b70-30560 |
||
| 035 | _a(NLR Aleph) 007890642 | ||
| 090 |
_a7975888 _c7975888 |
||
| 100 | _a20130115d1970 |||y0rusy50 ca | ||
| 101 | 0 | _arus | |
| 102 | _aRU | ||
| 105 | _aa j ||||| | ||
| 200 | 1 |
_aСетевые методы планирования и организации учебного процесса _fВоен.-воздуш. инж. ордена Ленина Краснознам. акад. им. проф. Н.Е. Жуковского |
|
| 210 |
_a[Москва] _cБ. и. _d1970 |
||
| 215 |
_a140 с., 4 л. ил. _cил. _d25 |
||
| 300 | _aПеред загл. авт.: А.А. Овчинников, В.С. Пугинский, Г.Ф. Петров | ||
| 309 | _aОтпеч. множит. аппаратом | ||
| 320 | _aБиблиогр.: с. 136-138 | ||
| 700 | 1 |
_aОвчинников _bА. А. _gАнатолий Александрович |
|
| 701 | 1 |
_aПугинский _bВ. С. |
|
| 701 | 1 |
_aПетров _bГ. Ф. |
|
| 801 | 0 |
_aRU _bNLR _gpsbo |
|
| 801 | 1 |
_aRU _bELAR _2rusmarc |
|
| 852 |
_aNLR _j69-7/3319 |
||
| 942 | _cBOOK | ||
| 980 | _aNB | ||